000 00296nam a22001217a 4500
082 _a220 PRO
100 _aAHSAN
_971428
245 _aPR-SOF-1318-ACCREDITATION PLUS
260 _aISLAMABAD
_bNUST COLLEGE OF EME
_c2013
650 _aDE-COMP-31
700 _aWASI HAIDER BUTT
_970570
942 _cCR
999 _c577955
_d577955